Indonesian Clothes - Statistics

General Stats
  • This quiz has been taken 24 times
  • The average score is 14 of 19
Answer Stats
Hint Answer % Correct
Tas Bag
100%
Sepatu Shoes
100%
Jaket Jacket
95%
Topi Hat
90%
Payung Umbrella
90%
Dompet Wallet
86%
Dasi Tie
81%
Jam tangan Watch
81%
Kacamata Glasses
76%
Celana Pant
76%
Kemeja Shirt
76%
Pakaian Clothes
71%
Gaun Dress
71%
Kaus T-shirt
71%
Sabuk Belt
67%
Syal Scarf
62%
Rok Skirt
62%
Mantel Coat
43%
Sarung tangan Socks
19%
No matching quizzes found
Score Distribution
Percent of People with Each Score
Percentile by Number Answered
Your Score History
You have not taken this quiz